000 01643nam a2200325 4500
003 EC-UNACH
005 20251007083459.0
006 s||||gr|||| 00| 00
008 150116t9999 mx r gr 000 0 spa d
020 _a978-607-32-0144-5
040 _aEC-UNACH
_cEC-UNACH
041 _aspa
082 0 4 _223
_a380.1
_bL011538
110 _aPrentice Hall
245 _aMarketing : Enfoque América Latina : El marketing científico aplicado a latinoamérica
250 _aPrimera edición
264 _aMéxico
_bPrentice Hall
_c2010
300 _a423 páginas
_bFiguras
505 _aCapítulo 1. Introducción al marketing -- Capítulo 2. Características del mercado latinoamericano -- Capítulo 3. Comportamiento de los consumidores -- Capítulo 4. La investigación de marketing -- Capítulo 5. La mezcla de marketing y el producto -- Capítulo 6. La marca y el empaque -- Capítulo 7. El precio -- Capítulo 8. La comunicación con el público -- Capítulo 9. La distribución -- Capítulo 10. Las ventas -- Capítulo 11. Promoción -- Capítulo 12. Los modelos de análisis estratégico y el posicionamiento -- Capítulo 13. Estrategias competitivas -- Capítulo 14. Las aplicaciones del marketing a temas específicos.
650 _aORIENTACIÓN A LA PRODUCCIÓN
650 _aPABLACIÓN URBANA Y RURAL
650 _aINVESTIGACIÓN DE MARKETING
650 _aCOMUNICACIÓN DE MARKETING
700 _aArellano Cueva, Rolando
942 _c1
_2ddc
999 _c13985